000 00481 a2200169 4500
003 OSt
005 20231121152058.0
008 231121b |||||||| |||| 00| 0 eng d
020 _a9788126147915
040 _coclc
082 _a574.028
_bKUM/E
100 1 _aKumar, Atul
_99915
245 _aElements of bioinformatics /
_cAtul Kumar
260 _aDelhi:
_bAnmol Publications,
_c2011.
300 _a296p
942 _2ddc
_cBK
_h574.028
_iKUM/E
_k574.028
_mKUM/E
999 _c43662
_d43662